SpongeBob SquarePants Characters by Picture - Statistics

General Stats
  • This quiz has been taken 4,428 times
  • The average score is 13 of 16
Answer Stats
Picture Answer % Correct
SpongeBob SquarePants
100%
Patrick Star
99%
Squidward Tentacles
95%
Sheldon J. Plankton
93%
Sandy Cheeks
92%
Gary
91%
Mr. Krabs
89%
Mrs. Puff
83%
Pearl Krabs
78%
Karen Plankton
75%
Larry the Lobster
74%
Mermaid Man
73%
Barnacle Boy
71%
The Flying Dutchman
61%
King Neptune
60%
Painty the Pirate
32%
No matching quizzes found
Score Distribution
Percent of People with Each Score
Percentile by Number Answered
Your Score History
You have not taken this quiz